Những người thắp lửa : Tiểu luận & chân dung văn học

Guardat en:
Dades bibliogràfiques
Autor principal: Nguyễn, Chu Nhạc
Format: Llibre
Idioma:Undetermined
Publicat: Hà Nội Văn học 2009
Matèries:
Etiquetes: Afegir etiqueta
Sense etiquetes, Sigues el primer a etiquetar aquest registre!
Thư viện lưu trữ: Trung tâm Học liệu Trường Đại học Cần Thơ
LEADER 00686nam a2200217Ia 4500
001 CTU_176149
008 210402s9999 xx 000 0 und d
020 |c 31000 
082 |a 895.9224008 
082 |b Nh101 
100 |a Nguyễn, Chu Nhạc 
245 0 |a Những người thắp lửa : 
245 0 |b Tiểu luận & chân dung văn học 
245 0 |c Nguyễn Chu Nhạc 
260 |a Hà Nội 
260 |b Văn học 
260 |c 2009 
650 |a Vietnamese essays,Tiểu luận Việt nam 
650 |x History and criticism,Lịch sử và phê bình 
904 |i Hải 
980 |a Trung tâm Học liệu Trường Đại học Cần Thơ